000
00299nam a22001337a 4500
008
171017b xxu||||| |||| 00| 0 eng d
020
_a
9781423900849
041
_a
eng
080
_a
338
100
_a
52
101
_a
MEN
245
_a
CUSTOMER RETIONSHIP MANGMENT
_c
WAGNER.W
942
_2
udc
_c
BK
999
_c
34347
_d
34347